La valoracion del daǫ corporal en hechos de la circulacion Comentarios a las primeras sentencias del Tribunal Constitucional /

Detalles Bibliográficos
Autor principal: Fernǹdez Entralgo, Jess︢
Formato: Desconocido
Lenguaje:español
Publicado: [Madrid] : Dykinson, 2001
Materias:
Acceso en línea:Acceso restringido

MARC

LEADER 00000ny a22000003n 4500
005 20110526135050.0
008 080623s2001 sp s 000 0 spa c
035 |a 144 
040 |a UMA.RE  |d vLex 
080 |a 342.565.2:614.86(460)(094.9)(0.034) 
080 |a 614.86:342.565.2(460)(094.9)(0.034) 
090 |c 289  |d 289 
100 1 |a Fernǹdez Entralgo, Jess︢ 
245 1 3 |a La valoracion del daǫ corporal en hechos de la circulacion  |h [Recurso electrn̤ico]  |b Comentarios a las primeras sentencias del Tribunal Constitucional /  |c Jess︢ Fernǹdez Entralgo 
256 |a Servicio en ln̕ea 
260 |a [Madrid] :  |b Dykinson,  |c 2001 
506 1 |a Contenido solo disponible en los productos indicados  |d vLex Global  |d vLex Global (Academic Edition, excluding Law Schools)  |d vLex Global (U.S. Academic Edition, Law Schools)  |d vLex Global (U.S. Academic Edition, excluding Law Schools)  |d vLex Global (Academic Edition, Law Schools) 
650 0 4 |2 Tesauro vLex  |a Accidente de circulacin̤ 
650 0 4 |2 Tesauro vLex  |a Civil 
650 0 4 |2 Tesauro vLex  |a Daǫs personales 
650 0 4 |2 Tesauro vLex  |a Sistema de valoracin̤ de daǫs personales 
740 0 |a vLex Libros (Servicios en ln̕ea) 
856 4 0 |z Acceso restringido  |u http://vlex.com/source/da-o-corporal-hechos-circulacion-144 
942 |c BOOK 
999 0 |a Civil Law  |b Madrid